| 000 | 00534nam a2200169Ia 4500 | ||
|---|---|---|---|
| 008 | 090201s9999 xx 000 0 und d | ||
| 010 | _aKPL-28980 | ||
| 040 | _bमराठी | ||
| 041 | _aमराठी | ||
| 082 |
_a31414 _b28980 |
||
| 100 | _aश्री अ डांगे | ||
| 245 |
_aनरकपुरी गवसली _cश्री अ डांगे |
||
| 260 |
_c2004 _bअभिनव प्रकाशन |
||
| 300 |
_a80 _bमोठा |
||
| 600 | _aनरकपुरी गवसली | ||
| 942 | _cBOOK | ||
| 999 |
_c229867 _d229867 |
||